|
|
|
|
| LEADER |
00816nab a2200229 i 4500 |
| 001 |
publ2117 |
| 005 |
20180709120042.0 |
| 008 |
130124s2005 hu o 0|| zxx d |
| 022 |
|
|
|a 1895-1066
|
| 024 |
7 |
|
|a 10.2478/BF02475993
|2 doi
|
| 024 |
7 |
|
|a 1067509
|2 mtmt
|
| 040 |
|
|
|a SZTE Publicatio Repozitórium
|b hun
|
| 041 |
|
|
|a zxx
|
| 100 |
1 |
|
|a Fási András
|
| 245 |
1 |
4 |
|a The ring opening and oligomerisation reactions of an epoxide and an episulfide on aluminosilicates in the liquid phase
|h [elektronikus dokumentum] /
|c Fási András
|
| 260 |
|
|
|c 2005
|
| 300 |
|
|
|a 230-244
|
| 490 |
0 |
|
|a Central European Journal of Chemistry
|v 3 No. 2
|
| 700 |
0 |
1 |
|a Pálinkó István
|e aut
|
| 700 |
0 |
1 |
|a Gömöry Ágnes
|e aut
|
| 700 |
0 |
1 |
|a Kiricsi Imre
|e aut
|
| 856 |
4 |
0 |
|u http://publicatio.bibl.u-szeged.hu/2117/1/1067509.pdf
|z Dokumentum-elérés
|